Pokémon Aléatoires par Image - Statistiques

Statistiques générales
  • Ce quiz a été pris 77 476 fois
  • Le résultat moyen est 28 sur 42
Statistiques - réponses
Image Pokémon % Correct
Reptincel
95%
Pikachu
94%
Ronflex
94%
Salamèche
94%
Tortank
94%
Aquali
93%
Carapuce
93%
Raichu
93%
Rattata
93%
Smogo
93%
Dracaufeu
92%
Ectoplasma
92%
Évoli
92%
Léviator
92%
Mew
92%
Rondoudou
92%
Tadmorv
92%
Voltali
92%
Goupix
91%
Magicarpe
91%
Métamorph
91%
Mewtwo
91%
Miaouss
91%
Pichu
91%
Ponyta
91%
Bulbizarre
90%
Carabaffe
90%
Dracolosse
90%
Gardevoir
90%
Noctali
90%
Onix
90%
Smogogo
90%
Zarbi
90%
Abra
89%
Arcanin
89%
Aspicot
89%
Chenipan
89%
Draco
89%
Feunard
89%
Florizarre
89%
Groudon
89%
Machoc
89%
Ossatueur
89%
Porygon
89%
Poussifeu
89%
Pyroli
89%
Rattatac
89%
Roucool
89%
Abo
88%
Absol
88%
Alakazam
88%
Caninos
88%
Celebi
88%
Dialga
88%
Ho-Oh
88%
Lucario
88%
Lugia
88%
Minidraco
88%
Ptéra
88%
Ramoloss
88%
Stari
88%
Tarsal
88%
Taupiqueur
88%
Tiplouf
88%
Arceus
87%
Doduo
87%
Galopa
87%
Givrali
87%
Grolem
87%
Insécateur
87%
Lippoutou
87%
Lokhlass
87%
Magnéton
87%
Mélo
87%
Mentali
87%
Spectrum
87%
Steelix
87%
Tauros
87%
Tentacool
87%
Tentacruel
87%
Artikodin
86%
Canarticho
86%
Chrysacier
86%
Électhor
86%
Fantominus
86%
Herbizarre
86%
Kangourex
86%
Latios
86%
Magmar
86%
Mélofée
86%
Mystherbe
86%
Nidoran (femelle)
86%
Palkia
86%
Piafabec
86%
Roucarnage
86%
Staross
86%
Togepi
86%
Voltorbe
86%
Zekrom
86%
Arbok
85%
Darkrai
85%
Férosinge
85%
Latias
85%
Machopeur
85%
Nidoking
85%
Noadkoko
85%
Osselait
85%
Roucoups
85%
Sabelette
85%
Simularbre
85%
Amphinobi
84%
Capumain
84%
Grenousse
84%
Héricendre
84%
Négapi
84%
Nidoran (mâle)
84%
Nidorina
84%
Nosferapti
84%
Papilusion
84%
Persian
84%
Phyllali
84%
Psykokwak
84%
Scarabrute
84%
Tygnon
84%
Akwakwak
83%
Démolosse
83%
Gobou
83%
Grodoudou
83%
Jirachi
83%
Kaiminus
83%
Kicklee
83%
Leveinard
83%
Luxio
83%
Luxray
83%
Méga-Lucario
83%
Nidorino
83%
Ouisticram
83%
Posipi
83%
Rayquaza
83%
Regigigas
83%
Suicune
83%
Ténéfix
83%
Tortipouss
83%
Xerneas
83%
Axoloto
82%
Colossinge
82%
Entei
82%
Kadabra
82%
Mackogneur
82%
Méga-Léviator
82%
Motisma
82%
Nidoqueen
82%
Nœunœuf
82%
Nymphali
82%
Ptitard
82%
Simiabraz
82%
Airmure
81%
Arcko
81%
Braségali
81%
Coconfort
81%
Cornèbre
81%
Drattak
81%
Élektek
81%
Étourmi
81%
Giratina
81%
Hoothoot
81%
Lixy
81%
Méga-Ectoplasma
81%
Méga-Tortank
81%
Mélodelfe
81%
Pingoléon
81%
Ponchiot
81%
Porygon-Z
81%
Registeel
81%
Reshiram
81%
Sharpedo
81%
Solaroc
81%
Tyranocif
81%
Victini
81%
Baudrive
80%
Boustiflor
80%
Branette
80%
Carchacrok
80%
Galeking
80%
Kabuto
80%
Magirêve
80%
Magnézone
80%
Moustillon
80%
Mustébouée
80%
Nosferalto
80%
Pharamp
80%
Riolu
80%
Sablaireau
80%
Wailord
80%
Yveltal
80%
Zorua
80%
Cizayox
79%
Deoxys
79%
Électrode
79%
Étouraptor
79%
Feunnec
79%
Gallame
79%
Limagma
79%
M. Mime
79%
Rosélia
79%
Triopikeur
79%
Azumarill
78%
Blizzaroi
78%
Chétiflor
78%
Embrylex
78%
Feuillajou
78%
Flagadoss
78%
Heatran
78%
Kirlia
78%
Lunala
78%
Malosse
78%
Méga-Alakazam
78%
Méga-Ptéra
78%
Méga-Rayquaza
78%
Mime Jr.
78%
Mimiqui
78%
Nirondelle
78%
Obalie
78%
Rapasdepic
78%
Regirock
78%
Saquedeneu
78%
Solgaleo
78%
Torterra
78%
Typhlosion
78%
Altaria
77%
Dynavolt
77%
Élekable
77%
Élekid
77%
Excelangue
77%
Farfuret
77%
Hypnomade
77%
Hyporoi
77%
Insolourdo
77%
Kyurem
77%
Laporeille
77%
Méga-Steelix
77%
Méga-Tyranocif
77%
Métalosse
77%
Ortide
77%
Skitty
77%
Soporifik
77%
Vipélierre
77%
Apitrini
76%
Dedenne
76%
Galekid
76%
Goélise
76%
Hypocéan
76%
Keunotor
76%
Mangriff
76%
Marill
76%
Méga-Latios
76%
Méga-Roucarnage
76%
Méga-Sharpedo
76%
Natu
76%
Porygon2
76%
Rhinocorne
76%
Spoink
76%
Stalgamin
76%
Tic
76%
Zoroark
76%
Apireine
75%
Bekipan
75%
Brutalibré
75%
Chartor
75%
Dodrio
75%
Écrémeuh
75%
Flamajou
75%
Germignon
75%
Mammochon
75%
Maraiste
75%
Méga-Latias
75%
Milobellus
75%
Mustéflott
75%
Otaria
75%
Ponchien
75%
Qulbutoké
75%
Rafflesia
75%
Raikou
75%
Rhinoféros
75%
Roserade
75%
Scorvol
75%
Spiritomb
75%
Tarinor
75%
Ursaring
75%
Wailmer
75%
Aligatueur
74%
Barpau
74%
Blizzi
74%
Brindibou
74%
Camérupt
74%
Dardargnan
74%
Draby
74%
Emolga
74%
Étourvol
74%
Feuforêve
74%
Gloupti
74%
Hypotrempe
74%
Kabutops
74%
Kraknoix
74%
Lamantine
74%
Libégon
74%
Magby
74%
Méga-Florizarre
74%
Méga-Pharamp
74%
Métang
74%
Poichigeon
74%
Regice
74%
Roigada
74%
Xatu
74%
Chenipotte
73%
Coxy
73%
Créfadet
73%
Cresselia
73%
Crustabri
73%
Dimoret
73%
Félinferno
73%
Galegon
73%
Griknot
73%
Grodrive
73%
Hélionceau
73%
Lainergie
73%
Méga-Dracaufeu X
73%
Méga-Gardevoir
73%
Pachirisu
73%
Pyrax
73%
Scarhino
73%
Bétochef
72%
Chuchmur
72%
Écrapince
72%
Galifeu
72%
Girafarig
72%
Goinfrex
72%
Lockpin
72%
Lougaroc
72%
Lovdisc
72%
Massko
72%
Méga-Démolosse
72%
Méga-Dracaufeu Y
72%
Méga-Drattak
72%
Méga-Gallame
72%
Nénupiot
72%
Oniglali
72%
Pijako
72%
Roitiflam
72%
Séviper
72%
Shaymin
72%
Sorbébé
72%
Teddiursa
72%
Trousselin
72%
Cacnea
71%
Ceribou
71%
Coatox
71%
Corboss
71%
Dinoclier
71%
Élecsprint
71%
Mastouffe
71%
Méditikka
71%
Méga-Braségali
71%
Méga-Carchacrok
71%
Méga-Cizayox
71%
Méga-Scarabrute
71%
Méga-Ténéfix
71%
Tartard
71%
Têtarte
71%
Tournegrin
71%
Tranchodon
71%
Amonistar
70%
Amonita
70%
Barbicha
70%
Clamiral
70%
Coupenotte
70%
Créfollet
70%
Démétéros
70%
Empiflor
70%
Flambusard
70%
Flamiaou
70%
Fouinette
70%
Loupio
70%
Maganon
70%
Méga-Altaria
70%
Miasmax
70%
Morphéo
70%
Moufouette
70%
Passerouge
70%
Prinplouf
70%
Scorplane
70%
Skelénox
70%
Tylton
70%
Zébibron
70%
Aflamanoir
69%
Castorno
69%
Corayon
69%
Crocorible
69%
Drakkarmin
69%
Genesect
69%
Hoopa
69%
Marisson
69%
Medhyèna
69%
Méga-Branette
69%
Méganium
69%
Munna
69%
Pifeuil
69%
Poissoroy
69%
Pyrobut
69%
Scalproie
69%
Trioxhydre
69%
Tropius
69%
Ymphect
69%
Zéblitz
69%
Anchwatt
68%
Avaltout
68%
Capidextre
68%
Carmache
68%
Charmina
68%
Chelours
68%
Chimpenfeu
68%
Cotovol
68%
Flotajou
68%
Laggron
68%
Ludicolo
68%
Méga-Blizzaroi
68%
Polarhume
68%
Ratentif
68%
Rhinastoc
68%
Scalpion
68%
Sorboul
68%
Tarinorme
68%
Tutafeh
68%
Yanmega
68%
Archéduc
67%
Archéomire
67%
Balignon
67%
Cadoizo
67%
Cerfrousse
67%
Chaglam
67%
Charpenti
67%
Darumacho
67%
Golemastoc
67%
Hélédelle
67%
Hexagel
67%
Judokrak
67%
Jungko
67%
Leuphorie
67%
Lippouti
67%
Lombre
67%
Marcacrin
67%
Méga-Métalosse
67%
Méga-Mewtwo Y
67%
Mysdibule
67%
Necrozma
67%
Noctunoir
67%
Polichombr
67%
Sorbouboul
67%
Terrakium
67%
Boskara
66%
Bouldeneu
66%
Chovsourir
66%
Coxyclaque
66%
Fulguris
66%
Granbull
66%
Granivol
66%
Kaimorse
66%
Kapoera
66%
Keldeo
66%
Monaflémit
66%
Pandespiègle
66%
Qwilfish
66%
Rocabot
66%
Tengalice
66%
Zacian
66%
Cacturne
65%
Feuiloutan
65%
Flobio
65%
Gruikui
65%
Makuhita
65%
Méga-Kangourex
65%
Méga-Lockpin
65%
Noarfang
65%
Snubbull
65%
Viridium
65%
Volcaropod
65%
Zygarde
65%
Arakdo
64%
Bruyverne
64%
Chacripan
64%
Cobaltium
64%
Cosmog
64%
Funécire
64%
Grahyèna
64%
Grotichon
64%
Gueriaigle
64%
Méga-Camérupt
64%
Méga-Dardargnan
64%
Méga-Laggron
64%
Méga-Mewtwo X
64%
Méga-Scarhino
64%
Moumouton
64%
Munja
64%
Otaquin
64%
Polagriffe
64%
Ptiravi
64%
Relicanth
64%
Téraclope
64%
Venipatte
64%
Azurill
63%
Chapignon
63%
Chinchidou
63%
Cochignon
63%
Coquiperl
63%
Couaneton
63%
Créhelf
63%
Denticrisse
63%
Doudouvet
63%
Feurisson
63%
Furaiglon
63%
Héliatronc
63%
Lugulabre
63%
Melmetal
63%
Momartik
63%
Nounourson
63%
Nucléos
63%
Phanpy
63%
Spinda
63%
Togetic
63%
Baggiguane
62%
Boréas
62%
Chaffreux
62%
Cradopaud
62%
Croâporal
62%
Delcatty
62%
Diancie
62%
Éoko
62%
Flabébé
62%
Flamoutan
62%
Majaspic
62%
Marshadow
62%
Méga-Jungko
62%
Méga-Oniglali
62%
Meloetta
62%
Miradar
62%
Némélios
62%
Nodulithe
62%
Pomdepik
62%
Vortente
62%
Baggaïd
61%
Balbuto
61%
Clic
61%
Cochignon
61%
Couafarel
61%
Éthernatos
61%
Grindur
61%
Joliflor
61%
Karaclée
61%
Kokiyas
61%
Kranidos
61%
Léopardus
61%
Mascaïman
61%
Minotaupe
61%
Papinox
61%
Queulorior
61%
Rémoraid
61%
Rototaupe
61%
Sapereau
61%
Toudoudou
61%
Type:0
61%
Volcanion
61%
Zamazenta
61%
Caratroc
60%
Cheniti
60%
Flotoutan
60%
Frison
60%
Larméléon
60%
Lianaja
60%
Méga-Élecsprint
60%
Moufflair
60%
Mygavolt
60%
Ninjask
60%
Okéoké
60%
Ouvrifier
60%
Pandarbare
60%
Phione
60%
Rozbouton
60%
Solochi
60%
Toudoudou
60%
Vigoroth
60%
Wattouat
60%
Bastiodon
59%
Brouhabam
59%
Carvanha
59%
Crabicoque
59%
Déflaisan
59%
Floravol
59%
Hariyama
59%
Hippopotas
59%
Kaorine
59%
Limaspeed
59%
Macronium
59%
Méga-Diancie
59%
Mélokrik
59%
Migalos
59%
Octillery
59%
Octillery
59%
Phogleur
59%
Pyronille
59%
Séléroc
59%
Statitik
59%
Chamallot
58%
Exagide
58%
Grainipiot
58%
Gringolem
58%
Manzaï
58%
Méga-Charmina
58%
Méga-Flagadoss
58%
Meltan
58%
Nanméouïe
58%
Palarticho
58%
Rapion
58%
Shaofouine
58%
Tiboudet
58%
Togedemaru
58%
Tritosor
58%
Armulys
57%
Bacabouh
57%
Chevroum
57%
Corvaillus
57%
Darumarond
57%
Fluvetin
57%
Gigalithe
57%
Luminéon
57%
Mucuscule
57%
Muplodocus
57%
Ouistempo
57%
Rhinolove
57%
Sancoki
57%
Sepiatroce
57%
Sonistrelle
57%
Tokorico
57%
Charmillon
56%
Coudlangue
56%
Debugant
56%
Escargaume
56%
Escroco
56%
Fouinar
56%
Kecleon
56%
Lampéroie
56%
Sepiatop
56%
Sucroquin
56%
Tarpaud
56%
Babimanta
55%
Boumata
55%
Cliticlic
55%
Crabagarre
55%
Dodoala
55%
Floette
55%
Goupelin
55%
Groret
55%
Lanssorien
55%
Noacier
55%
Ramboum
55%
Tokotoro
55%
Vivaldaim
55%
Voltoutou
55%
Batracné
54%
Blindalys
54%
Crocrodil
54%
Diamat
54%
Drackhaus
54%
Efflèche
54%
Farfaduvet
54%
Flambino
54%
Géolithe
54%
Kungfouine
54%
Malamandre
54%
Mateloutre
54%
Ptyranidur
54%
Blindépique
53%
Crabaraque
53%
Fragilady
53%
Grelaçon
53%
Lilia
53%
Magearna
53%
Matoufeu
53%
Méga-Mysdibule
53%
Monorpale
53%
Pitrouille
53%
Plumeline
53%
Sucreine
53%
Armaldo
52%
Chlorobule
52%
Crikzik
52%
Écayon
52%
Mamanbo
52%
Maskadra
52%
Muciole
52%
Scobolide
52%
Tokopisco
52%
Trépassable
52%
Tritox
52%
Trompignon
52%
Tutankafer
52%
Vaututrice
52%
Zeraora
52%
Carabing
51%
Ceriflor
51%
Cheniselle
51%
Ékaïser
51%
Florges
51%
Lewsor
51%
Morpeko
51%
Mouscoto
51%
Oratoria
51%
Rexillius
51%
Tritonde
51%
Vibraninf
51%
Vostourno
51%
Beldeneige
50%
Brutapode
50%
Draïeul
50%
Foretress
50%
Galvaran
50%
Ixon
50%
Kravarech
50%
Prismillon
50%
Sovkipou
50%
Bargantua
49%
Bourrinos
49%
Crapustule
49%
Gaulet
49%
Gouroutan
49%
Katagami
49%
Pashmilla
49%
Scolocendre
49%
Scrutella
49%
Séracrawl
49%
Serpang
49%
Strassie
49%
Vorastérie
49%
Bamboiselle
48%
Bébécaille
48%
Cabriolaine
48%
Cosmovum
48%
Cryptéro
48%
Flingouste
48%
Hexadron
48%
Hippodocus
48%
Lançargot
48%
Larveyette
48%
Méga-Nanméouïe
48%
Mushana
48%
Sidérella
48%
Théffroi
48%
Tokopiyon
48%
Torgamord
48%
Wattapik
48%
Brocélôme
47%
Charkos
47%
Couverdure
47%
Engloutyran
47%
Incisache
47%
Lézargus
47%
Manternel
47%
Moumouflon
47%
Nigosier
47%
Regidrago
47%
Rongourmand
47%
Salarsen
47%
Sarmuraï
47%
Silvallié
47%
Toxizap
47%
Verpom
47%
Braisillon
46%
Colombeau
46%
Crèmy
46%
Lakmécygne
46%
Méios
46%
Mesmérella
46%
Miamiasme
46%
Spododo
46%
Viskuse
46%
Bazoucan
45%
Charbi
45%
Colhomard
45%
Frissonille
45%
Lucanon
45%
Moyade
45%
Neitram
45%
Psystigri
45%
Roussil
45%
Zarude
45%
Anorith
44%
Banshitrouye
44%
Bekaglaçon
44%
Bombydou
44%
Chrysapile
44%
Gorythmic
44%
Iguolta
44%
Korillon
44%
Lampignon
44%
Lapyro
44%
Lépidonille
44%
Lumivole
44%
Mimantis
44%
Minisange
44%
Picassaut
44%
Pomdrapi
44%
Rosabyss
44%
Boguérisse
43%
Colimucus
43%
Crabominable
43%
Dolman
43%
Haydaim
43%
Mélancolux
43%
Météno
43%
Shifours
43%
Venalgue
43%
Croquine
42%
Desséliande
42%
Excavarenne
42%
Maracachi
42%
Rongrigou
42%
Angoliath
41%
Argouste
41%
Charmilly
41%
Cupcanaille
41%
Dimoclès
41%
Duralugon
41%
Otarlette
41%
Sorcilence
41%
Tarenbulle
41%
Zéroïd
41%
Arkéapti
40%
Opermine
40%
Prédastérie
40%
Sinistrail
40%
Vacilys
40%
Wimessir
40%
Câblifère
39%
Cancrelove
39%
Dragmara
39%
Dratatin
39%
Golgopathe
39%
Poulpaf
39%
Amagara
38%
Araqua
38%
Berserkatt
38%
Bibichut
38%
Floramantis
38%
Fulgudog
38%
Guérilande
38%
Mégapagos
38%
Vémini
38%
Ama-Ama
37%
Bleuseille
37%
Mistigrix
37%
Roublenard
37%
Grimalin
36%
Rubombelle
36%
Aéroptéryx
35%
Badabouin
35%
Concombaffe
35%
M. Glaquette
35%
Candine
34%
Dunaconda
34%
Monthracite
34%
Pachyradjah
34%
Spectreval
34%
Sylveroy
34%
Wagomine
34%
Cocotine
33%
Dunaja
33%
Piclairon
33%
Quartermac
33%
Blancoton
32%
Chapotus
32%
Écaïd
32%
Fantyrm
32%
Khélocrok
32%
Corayôme
31%
Goupilou
30%
Hydragon
30%
Krakos
30%
Pérégrain
30%
Tutétékri
30%
Arrozard
29%
Dispareptil
29%
Wushours
29%
Blizzeval
28%
Fourbelin
28%
Pierroteknik
28%
Polthégeist
27%
Astronelle
26%
Galvagla
26%
Coléodôme
25%
Larvadar
25%
Charibari
24%
Tournicoton
24%
Galvagon
18%
Hydragla
18%
Aucun quiz correspondant
Distribution des résultats
% des personnes avec chaque résultat
Percentile par nombre de réponses
Votre historique - résultats
Vous n’avez pas pris ce quiz